Voice and vision: a creative approach to narrative film and DV production (Record no. 61363)

MARC details
000 -LEADER
fixed length control field 00779nam a2200193 a 4500
008 - FIXED-LENGTH DATA ELEMENTS--GENERAL INFORMATION
fixed length control field 081128s2007 ||||||||||||||||| || u
020 ## - INTERNATIONAL STANDARD BOOK NUMBER
International Standard Book Number 9780240807737
050 ## - LIBRARY OF CONGRESS CALL NUMBER
Classification number PN 1995.9.P7
100 ## - MAIN ENTRY--PERSONAL NAME
Personal name Hurbis-Cherrier, Mick
245 10 - TITLE STATEMENT
Title Voice and vision: a creative approach to narrative film and DV production
Statement of responsibility, etc. [by] Mick Hurbis-Cherrier, illustrations by Gustavo Mercado
260 ## - PUBLICATION, DISTRIBUTION, ETC.
Place of publication, distribution, etc. Oxford:
Name of publisher, distributor, etc. Elsevier
Date of publication, distribution, etc. 2007
300 ## - PHYSICAL DESCRIPTION
Extent xxii, 537p.: ill.
350 ## - PRICE (NR) (BK AM CF MU VM SE) [OBSOLETE]
Price 0.00
650 ## - SUBJECT ADDED ENTRY--TOPICAL TERM
Topical term or geographic name entry element TELEVISION
650 ## - SUBJECT ADDED ENTRY--TOPICAL TERM
Topical term or geographic name entry element MOTION PICTURES--PRODUCTION AND DIRECTION
650 ## - SUBJECT ADDED ENTRY--TOPICAL TERM
Topical term or geographic name entry element DIGITAL VIDEO
700 ## - ADDED ENTRY--PERSONAL NAME
Personal name Mercado, Gustavo
995 ## - RECOMMENDATION 995 [LOCAL, UNIMARC FRANCE]
-- 0.00
-- CBU-MAIN LIBRARY (Kitwe)
-- 1
-- 0.00
-- 1
-- AVAILABLE
-- Feb 9, 2009
-- Main Library Open Access Collection
Holdings
Withdrawn status Lost status Source of classification or shelving scheme Damaged status Not for loan Home library Current library Shelving location Date acquired Total Checkouts Full call number Barcode Date last seen Price effective from Koha item type
          CBU-MAIN LIBRARY, KITWE. CBU-MAIN LIBRARY, KITWE.   11/30/2022   PN 1995.9.P7 739216 11/30/2022 11/30/2022 MONOGRAPH